[Event "NAYCC U16 w"]
[Site "Kingston CAN"]
[Date "2019.08.20"]
[Round "9.177"]
[White "Su, Carah"]
[Black "Liu, Gloria"]
[Result "1-0"]
[WhiteElo "1494"]
[BlackElo "870"]
[PlyCount "43"]
[EventDate "2019.08.16"]
[EventType "swiss"]
[EventRounds "9"]
[EventCountry "CAN"]

1. e4 d5 2. exd5 Qxd5 3. Nc3 Qd6 4. d4 Nf6 5. h3 e5 6. Nf3 e4 7. Ne5 a6 8. Nc4
Qe7 9. Bg5 Qe6 10. d5 Qf5 11. Bxf6 gxf6 12. Qd4 b5 13. Ne3 Qe5 14. Qxe4 Bb4 15.
Qxb4 c6 16. O-O-O Bb7 17. Ng4 Qf5 18. Bd3 Qg5+ 19. f4 Qg7 20. Rhe1+ Kd8 21. Re7
Kc8 22. Bf5+ 1-0

[Event "NAYCC U16 w"]
[Site "Kingston CAN"]
[Date "2019.08.20"]
[Round "9.178"]
[White "Pinder, Trinity"]
[Black "Savla, Saniya"]
[Result "0-1"]
[WhiteElo "1289"]
[BlackElo "1405"]
[PlyCount "110"]
[EventDate "2019.08.16"]
[EventType "swiss"]
[EventRounds "9"]
[EventCountry "CAN"]

1. d4 d5 2. c4 c6 3. Nc3 Nf6 4. Nf3 a6 5. e3 b5 6. c5 Bf5 7. a3 Nbd7 8. Bd3 Bg4
9. O-O e5 10. Be2 e4 11. Nh4 Be6 12. g3 g6 13. f3 exf3 14. Nxf3 Ne4 15. Nd2
Ndf6 16. Bf3 Nxc3 17. bxc3 Bg7 18. e4 dxe4 19. Nxe4 Nxe4 20. Bxe4 Rc8 21. Bb2
O-O 22. a4 Bc4 23. Bd3 Bd5 24. axb5 axb5 25. Be2 Ra8 26. Rxa8 Qxa8 27. Qa1 Qb7
28. Qd1 Ra8 29. Bf3 Qd7 30. Bxd5 Qxd5 31. Qf3 Qd7 32. Ra1 Re8 33. Qf1 Bh6 34.
Bc1 Bxc1 35. Rxc1 Re3 36. Qf2 Qe6 37. Qd2 Qe4 38. Qc2 Qd5 39. Kf2 Qf3+ 40. Kg1
Re2 41. Qxe2 Qxe2 42. Kh1 Qf3+ 43. Kg1 Qe3+ 44. Kg2 Qxc1 45. Kf3 Qxc3+ 46. Ke4
Qc4 47. Ke5 b4 48. Kd6 Qd5+ 49. Kc7 b3 50. h4 b2 51. h5 b1=R 52. hxg6 fxg6 53.
g4 Kf7 54. g5 Ke7 55. Kc8 Qd7# 0-1

[Event "NAYCC U18"]
[Site "Kingston CAN"]
[Date "2019.08.16"]
[Round "1.176"]
[White "Xu, Jeffrey"]
[Black "Zhang, Yuanchen"]
[Result "0-1"]
[WhiteElo "2067"]
[BlackElo "2305"]
[PlyCount "112"]
[EventDate "2019.08.16"]
[EventType "swiss"]
[EventRounds "9"]
[EventCountry "CAN"]

1. e4 e5 2. Nf3 Nc6 3. Bc4 Bc5 4. c3 Nf6 5. d3 O-O 6. O-O d6 7. Re1 a6 8. Bb3
Ba7 9. Nbd2 Ng4 10. Re2 Kh8 11. h3 Nh6 12. Nf1 f5 13. exf5 Bxf5 14. N3h2 Qf6
15. Ne3 Ne7 16. Qd2 Bd7 17. Kh1 c6 18. Qe1 Ng6 19. Nd1 Nh4 20. Bc2 Qg6 21. f3
Bxh3 22. Qxh4 Nf5 23. Qxh3 Ng3+ 24. Qxg3 Qxg3 25. Be3 Bxe3 26. Nxe3 Rf4 27.
Nef1 Qg5 28. Rae1 Raf8 29. Re4 Qh4 30. Kg1 Rxe4 31. Rxe4 Qg5 32. Re1 h5 33. Kf2
Qh4+ 34. g3 Qg5 35. Ne3 d5 36. Nhf1 b5 37. Ng2 Qf6 38. Nd2 g6 39. Ke2 Qg5 40.
Nf1 Qf6 41. Nd2 Qg5 42. Nf1 Kg7 43. a4 Qf6 44. Nd2 Qg5 45. Nf1 c5 46. axb5 axb5
47. b3 Ra8 48. f4 Qg4+ 49. Kd2 Qf3 50. Nge3 d4 51. cxd4 cxd4 52. Nd1 exf4 53.
Kc1 fxg3 54. Nd2 Qg4 55. Rg1 Qf4 56. Rg2 h4 0-1

[Event "NAYCC U18"]
[Site "Kingston CAN"]
[Date "2019.08.16"]
[Round "1.177"]
[White "Hua, Eugene"]
[Black "Quiroga, Angel"]
[Result "1-0"]
[WhiteElo "2301"]
[BlackElo "2053"]
[PlyCount "91"]
[EventDate "2019.08.16"]
[EventType "swiss"]
[EventRounds "9"]
[EventCountry "CAN"]

1. c4 Nf6 2. g3 e6 3. Bg2 d5 4. Nf3 c6 5. O-O Be7 6. b3 O-O 7. Bb2 Nbd7 8. d4
b6 9. Nbd2 Bb7 10. Rc1 Rc8 11. Re1 h6 12. Ne5 Nxe5 13. dxe5 Nd7 14. Qc2 Bc5 15.
e4 b5 16. Re2 Qe7 17. Kh1 Nb6 18. exd5 cxd5 19. cxd5 Nxd5 20. Qb1 Ba3 21. Ne4
Rxc1+ 22. Bxc1 Bxc1 23. Qxc1 Rc8 24. Rc2 Rxc2 25. Qxc2 Qb4 26. Qd2 a5 27. Qxb4
Nxb4 28. Nc3 Ba6 29. Bf1 Kf8 30. f4 a4 31. bxa4 Bb7+ 32. Bg2 Bxg2+ 33. Kxg2
bxa4 34. Kf3 f5 35. exf6 gxf6 36. Ke4 Ke7 37. Kd4 a3 38. Kc4 Nc6 39. Nb5 e5 40.
Nxa3 Ke6 41. Nb5 e4 42. Nd4+ Nxd4 43. Kxd4 f5 44. g4 fxg4 45. Kxe4 h5 46. f5+
1-0

[Event "NAYCC U18"]
[Site "Kingston CAN"]
[Date "2019.08.16"]
[Round "1.178"]
[White "Wu, Derek"]
[Black "Yip, Carissa"]
[Result "0-1"]
[WhiteElo "2032"]
[BlackElo "2300"]
[PlyCount "74"]
[EventDate "2019.08.16"]
[EventType "swiss"]
[EventRounds "9"]
[EventCountry "CAN"]

1. d4 Nf6 2. Bf4 g6 3. Nc3 d6 4. e4 c6 5. Qd2 Qa5 6. e5 dxe5 7. dxe5 Nh5 8. Be3
Qxe5 9. O-O-O Qd6 10. Qe1 Qc7 11. f3 Bg7 12. g4 Nf6 13. g5 Nh5 14. Nge2 Be5 15.
Qf2 Nf4 16. h4 Nxe2+ 17. Nxe2 Nd7 18. f4 Bg7 19. h5 e6 20. hxg6 fxg6 21. Bh3
Nb6 22. Bc5 Na4 23. Bd4 O-O 24. Qe3 Qf7 25. Bxg7 Qxg7 26. Rd4 b5 27. Bxe6+ Kh8
28. f5 Bxe6 29. fxe6 Rae8 30. c3 Nc5 31. Nf4 Rf5 32. b4 Nb7 33. Qd3 Re7 34. Rd7
Rxf4 35. Qe3 Rf8 36. Rhd1 Rfe8 37. Kc2 Rxd7 0-1

[Event "NAYCC U18"]
[Site "Kingston CAN"]
[Date "2019.08.16"]
[Round "1.180"]
[White "Huang, Qiuyu"]
[Black "Chen, Richard"]
[Result "0-1"]
[WhiteElo "2020"]
[BlackElo "2291"]
[PlyCount "66"]
[EventDate "2019.08.16"]
[EventType "swiss"]
[EventRounds "9"]
[EventCountry "CAN"]

1. e4 c5 2. Nf3 e6 3. d4 cxd4 4. Nxd4 Nc6 5. Nc3 Qc7 6. Be2 a6 7. Be3 Nf6 8.
O-O Bb4 9. Na4 Be7 10. Nxc6 bxc6 11. Nb6 Rb8 12. Nxc8 Qxc8 13. e5 Nd5 14. Bc1
c5 15. c4 Nb4 16. b3 O-O 17. Bb2 Qc7 18. f4 Nc6 19. Bd3 g6 20. Qg4 d6 21. Rae1
Rbd8 22. Rf3 dxe5 23. fxe5 Qa5 24. Ref1 Qxa2 25. Bc3 Qxb3 26. Be4 Qxc4 27. Rh3
Nd4 28. Re1 f5 29. exf6 Rxf6 30. Bd2 Nc2 31. Bg5 Nxe1 32. Bxf6 Bxf6 33. Rxh7
Bd4+ 0-1

[Event "NAYCC U18"]
[Site "Kingston CAN"]
[Date "2019.08.16"]
[Round "1.181"]
[White "Wang, Wesley"]
[Black "Zhao, Harry"]
[Result "1/2-1/2"]
[WhiteElo "2269"]
[BlackElo "1950"]
[PlyCount "65"]
[EventDate "2019.08.16"]
[EventType "swiss"]
[EventRounds "9"]
[EventCountry "CAN"]

1. e4 e6 2. d4 d5 3. Nc3 Bb4 4. e5 c5 5. a3 Bxc3+ 6. bxc3 Ne7 7. Qg4 Qc7 8.
Qxg7 Rg8 9. Qxh7 cxd4 10. Ne2 Nbc6 11. f4 Bd7 12. Qd3 dxc3 13. h4 Nf5 14. h5
O-O-O 15. Rb1 d4 16. Rg1 Na5 17. g4 Ba4 18. gxf5 Bxc2 19. Qxc2 d3 20. Qxc3 dxe2
21. Qxc7+ Kxc7 22. Rxg8 exf1=Q+ 23. Kxf1 Rxg8 24. fxe6 fxe6 25. Rb2 Kc6 26. f5
exf5 27. Rc2+ Kd5 28. Rc7 Nb3 29. Bb2 Nd2+ 30. Ke2 Ne4 31. Kd1 Rg1+ 32. Kc2 Rh1
33. Rxb7 1/2-1/2

[Event "NAYCC U18"]
[Site "Kingston CAN"]
[Date "2019.08.16"]
[Round "1.182"]
[White "Leong, Ryan"]
[Black "Huang, Andy"]
[Result "0-1"]
[WhiteElo "1926"]
[BlackElo "2263"]
[PlyCount "72"]
[EventDate "2019.08.16"]
[EventType "swiss"]
[EventRounds "9"]
[EventCountry "CAN"]

1. Nf3 d5 2. g3 c6 3. Bg2 Bg4 4. O-O e6 5. c4 Nf6 6. Qb3 Qc8 7. d4 Nbd7 8. Nc3
Be7 9. Bf4 dxc4 10. Qxc4 Nd5 11. Nxd5 exd5 12. Qd3 Nf6 13. Rfe1 Bf5 14. Qb3 Ne4
15. Nd2 Nxd2 16. Bxd2 O-O 17. Rac1 Rd8 18. Rc3 Qd7 19. e3 h5 20. Qd1 g6 21. h4
Re8 22. e4 dxe4 23. Bxe4 Bf6 24. Bxf5 Qxf5 25. Rf3 Rxe1+ 26. Bxe1 Qe6 27. Bc3
Bg7 28. b3 Rd8 29. Re3 Qd5 30. Qa1 Bf6 31. Qb2 Qf5 32. Kg2 Rd5 33. Qa3 c5 34.
dxc5 Bxc3 35. Rxc3 Qe4+ 36. Rf3 Rd3 0-1

[Event "NAYCC U18"]
[Site "Kingston CAN"]
[Date "2019.08.16"]
[Round "1.183"]
[White "Costello, Alexander"]
[Black "Merrigan, Daley"]
[Result "1-0"]
[WhiteElo "2256"]
[BlackElo "1917"]
[PlyCount "47"]
[EventDate "2019.08.16"]
[EventType "swiss"]
[EventRounds "9"]
[EventCountry "CAN"]

1. e4 e6 2. d4 d5 3. Nc3 Nf6 4. Bg5 Be7 5. e5 Nfd7 6. h4 c5 7. Bxe7 Kxe7 8. f4
Qb6 9. Nf3 Nc6 10. Na4 Qa5+ 11. c3 b6 12. Kf2 Ba6 13. Bxa6 Qxa6 14. b3 g6 15.
h5 f6 16. hxg6 hxg6 17. exf6+ Nxf6 18. Ng5 Rxh1 19. Qxh1 cxd4 20. Re1 Ne4+ 21.
Rxe4 dxe4 22. Qh7+ Kd6 23. Nxe4+ Kd5 24. Nf6+ 1-0

[Event "NAYCC U18"]
[Site "Kingston CAN"]
[Date "2019.08.16"]
[Round "1.184"]
[White "Wang, George"]
[Black "Doknjas, Joshua"]
[Result "0-1"]
[WhiteElo "1887"]
[BlackElo "2236"]
[PlyCount "76"]
[EventDate "2019.08.16"]
[EventType "swiss"]
[EventRounds "9"]
[EventCountry "CAN"]

1. d4 Nf6 2. Nf3 d5 3. c4 e6 4. cxd5 exd5 5. Bg5 c6 6. Qc2 g6 7. Nc3 Be7 8. Bh6
Bf5 9. Qb3 Qb6 10. Qxb6 axb6 11. e3 b5 12. Nd2 Nbd7 13. Be2 Nb6 14. O-O b4 15.
Nd1 Kd7 16. f3 Ra7 17. e4 dxe4 18. fxe4 Nxe4 19. Nxe4 Bxe4 20. Rxf7 Bd5 21.
Bg4+ Kd8 22. Rf1 Rxa2 23. Rxa2 Bxa2 24. Ne3 Kc7 25. Nc2 Nd5 26. Be6 Bc4 27. Rd1
Bd6 28. Bf7 Ra8 29. Bd2 b3 30. Nb4 Nb6 31. Bxc4 Nxc4 32. Bc3 Bxb4 33. Bxb4 Nxb2
34. Rb1 Nd3 35. Bc3 Ra3 36. Bb2 Nxb2 37. Rxb2 Ra1+ 38. Kf2 Ra2 0-1

[Event "NAYCC U18"]
[Site "Kingston CAN"]
[Date "2019.08.16"]
[Round "1.185"]
[White "Ouellet, Maili-Jade"]
[Black "De Costa, Alex"]
[Result "1-0"]
[WhiteElo "2211"]
[BlackElo "1797"]
[PlyCount "101"]
[EventDate "2019.08.16"]
[EventType "swiss"]
[EventRounds "9"]
[EventCountry "CAN"]

1. d4 Nf6 2. c4 g6 3. Nc3 Bg7 4. e4 d6 5. f4 O-O 6. Nf3 c5 7. d5 e6 8. Be2 exd5
9. cxd5 Bg4 10. O-O Bxf3 11. Bxf3 Nfd7 12. Re1 Na6 13. Be3 c4 14. Bd4 Nb4 15.
Bxg7 Kxg7 16. Be2 Qb6+ 17. Kh1 Qc5 18. Na4 Qa5 19. a3 Nd3 20. Bxd3 cxd3 21. b4
Qb5 22. Re3 a5 23. Rb1 Rfc8 24. Rxd3 axb4 25. Nc3 Qc4 26. Rxb4 Qc7 27. Nb5 Qc1
28. Rb1 Qxf4 29. Rf3 Qe5 30. Qf1 Qe7 31. h3 Ne5 32. Rfb3 Rc4 33. Qf4 Rac8 34.
Qe3 R4c5 35. Nd4 R8c7 36. Nb5 Rc8 37. a4 Rc4 38. Na3 R4c7 39. a5 Ra8 40. Rb5
Rac8 41. R5b3 Ra8 42. Nb5 Rc5 43. Qd2 Rac8 44. Na7 R8c7 45. Nb5 Rc8 46. Qf4 Ra8
47. Qg3 Rxa5 48. Nd4 Qc7 49. Rxb7 Rc1+ 50. Kh2 Qc4 51. Ne6+ 1-0

[Event "NAYCC U18"]
[Site "Kingston CAN"]
[Date "2019.08.16"]
[Round "1.186"]
[White "Ju, Terrence"]
[Black "Ravuri, Vinesh"]
[Result "0-1"]
[WhiteElo "1719"]
[BlackElo "2192"]
[PlyCount "64"]
[EventDate "2019.08.16"]
[EventType "swiss"]
[EventRounds "9"]
[EventCountry "CAN"]

1. d4 Nf6 2. Nf3 g6 3. c4 Bg7 4. Nc3 O-O 5. Bg5 d6 6. e4 c5 7. d5 h6 8. Bxf6
Bxf6 9. Qd2 Kg7 10. Bd3 Qa5 11. Rb1 a6 12. O-O Nd7 13. a3 Rb8 14. Qc1 b5 15.
cxb5 axb5 16. b4 cxb4 17. axb4 Qc7 18. Ne2 Qb6 19. Qc6 Qa7 20. Rfc1 Qa3 21. Qc2
Ne5 22. Nxe5 Bxe5 23. f4 Bf6 24. h3 Bd7 25. Qb3 Qa7+ 26. Kh1 Rfc8 27. Rf1 Qa4
28. Rf3 Ra8 29. Bc2 Rxc2 30. Re3 Qxb3 31. Rbxb3 Ra1+ 32. Kh2 Raa2 0-1

[Event "NAYCC U18"]
[Site "Kingston CAN"]
[Date "2019.08.16"]
[Round "1.187"]
[White "Chasin, Nico"]
[Black "Gonzalez, Pedro"]
[Result "1-0"]
[WhiteElo "2178"]
[BlackElo "1632"]
[PlyCount "53"]
[EventDate "2019.08.16"]
[EventType "swiss"]
[EventRounds "9"]
[EventCountry "CAN"]

1. d4 d5 2. c4 e6 3. Nf3 c5 4. cxd5 exd5 5. Nc3 Nc6 6. e3 Nf6 7. Be2 Be6 8. O-O
a6 9. b3 cxd4 10. exd4 Bd6 11. Bg5 O-O 12. Na4 h6 13. Bh4 b5 14. Nc5 Qe7 15.
Rc1 Rfc8 16. Re1 Nxd4 17. Nxd4 Bxc5 18. Bf3 g5 19. Bg3 Bb4 20. Nc6 Qf8 21. Qd4
Rxc6 22. Rxc6 Bxe1 23. Qxf6 Qg7 24. Rxe6 fxe6 25. Qxe6+ Qf7 26. Qxf7+ Kxf7 27.
Bxd5+ 1-0

[Event "NAYCC U18"]
[Site "Kingston CAN"]
[Date "2019.08.16"]
[Round "1.188"]
[White "Zhou, Joey"]
[Black "Wu, Rochelle"]
[Result "0-1"]
[WhiteElo "1586"]
[BlackElo "2161"]
[PlyCount "76"]
[EventDate "2019.08.16"]
[EventType "swiss"]
[EventRounds "9"]
[EventCountry "CAN"]

1. d4 d6 2. Nf3 c6 3. c4 Nf6 4. Nc3 Nbd7 5. Bf4 Qa5 6. Qc2 e5 7. Bg3 Be7 8. e3
O-O 9. Be2 exd4 10. Nxd4 Ne5 11. O-O Re8 12. Rfd1 Bf8 13. Rab1 g6 14. b4 Qc7
15. b5 Bg7 16. Nb3 Bd7 17. c5 d5 18. Nd4 Qd8 19. Rb4 Qe7 20. bxc6 bxc6 21. Nb3
Bf5 22. Qb2 Ne4 23. Nd4 Qxc5 24. Na4 Qf8 25. Rb7 Bc8 26. Rb3 c5 27. Rc1 cxd4
28. exd4 Nxg3 29. hxg3 Nc4 30. Bxc4 dxc4 31. Re3 Rxe3 32. fxe3 Qe7 33. Qc3 Bf5
34. Nc5 Re8 35. Kf2 Qxe3+ 36. Qxe3 Rxe3 37. Rxc4 Rc3 38. Rxc3 Bxd4+ 0-1

[Event "NAYCC U18"]
[Site "Kingston CAN"]
[Date "2019.08.16"]
[Round "1.189"]
[White "Zhang, Henry"]
[Black "Rama, Vikas"]
[Result "0-1"]
[WhiteElo "2151"]
[BlackElo "1534"]
[PlyCount "82"]
[EventDate "2019.08.16"]
[EventType "swiss"]
[EventRounds "9"]
[EventCountry "CAN"]

1. e4 c5 2. Nf3 e6 3. d4 cxd4 4. Nxd4 Nf6 5. Nc3 Nc6 6. Ndb5 Bb4 7. a3 Bxc3+ 8.
Nxc3 O-O 9. Bd3 d5 10. O-O d4 11. Ne2 e5 12. f4 exf4 13. Bxf4 Qe8 14. Bd6 Ng4
15. Qd2 Ne3 16. Rf2 Ne5 17. Bxf8 Qxf8 18. h3 Qd6 19. Qb4 Qg6 20. Nf4 Qg3 21.
Qd2 Bxh3 22. Nh5 Qg5 23. Nf4 Qg3 24. Nh5 Qg5 25. Nf4 Qg3 26. Be2 Bg4 27. Nh5
Bxh5 28. Bxh5 g6 29. Bd1 h5 30. Qxd4 h4 31. a4 h3 32. Ra3 h2+ 33. Kh1 Qxf2 34.
Qxe3 Qf1+ 35. Kxh2 Qxd1 36. Qf4 f6 37. Rh3 Rf8 38. Qh4 Qh5 39. Qg3 Ng4+ 40. Kh1
Qg5 41. Qb3+ Rf7 0-1

[Event "NAYCC U18"]
[Site "Kingston CAN"]
[Date "2019.08.16"]
[Round "1.190"]
[White "Sands, Malik"]
[Black "Li, William"]
[Result "0-1"]
[WhiteElo "1307"]
[BlackElo "2135"]
[PlyCount "72"]
[EventDate "2019.08.16"]
[EventType "swiss"]
[EventRounds "9"]
[EventCountry "CAN"]

1. d4 Nf6 2. c4 e6 3. Nc3 Bb4 4. Bd2 b6 5. Qa4 Bxc3 6. Bxc3 O-O 7. Nf3 Ne4 8.
Qc2 Bb7 9. e3 d6 10. Bd3 f5 11. O-O-O Nd7 12. Rhf1 Ndf6 13. h3 Qe7 14. g3 Nxc3
15. Qxc3 Bxf3 16. Rde1 Ne4 17. Qc2 c5 18. Rg1 Qf6 19. Be2 Bxe2 20. Rxe2 cxd4
21. f3 Nc5 22. exd4 Qxd4 23. Rd1 Qf6 24. Rxd6 Rad8 25. Rdd2 Rxd2 26. Rxd2 Rd8
27. Rxd8+ Qxd8 28. b4 Nd3+ 29. Kb1 Nxb4 30. Qa4 a5 31. Ka1 Qd4+ 32. Kb1 Qd3+
33. Kc1 Qxc4+ 34. Kd1 Qd4+ 35. Kc1 Nd3+ 36. Kb1 Qb2# 0-1

[Event "NAYCC U18"]
[Site "Kingston CAN"]
[Date "2019.08.16"]
[Round "1.191"]
[White "Eidelman, Gabriel"]
[Black "Beardall, Ben"]
[Result "1-0"]
[WhiteElo "2133"]
[BlackElo "918"]
[PlyCount "91"]
[EventDate "2019.08.16"]
[EventType "swiss"]
[EventRounds "9"]
[EventCountry "CAN"]

1. e4 e5 2. Nf3 Nc6 3. Bb5 a6 4. Ba4 Nf6 5. Qe2 b5 6. Bb3 Be7 7. O-O O-O 8. c3
d6 9. Rd1 Na5 10. Bc2 c5 11. d4 Qc7 12. d5 Bg4 13. Nbd2 c4 14. h3 Bxf3 15. Qxf3
Rfc8 16. Nf1 Rab8 17. Ne3 g6 18. Bd2 Qd8 19. b4 cxb3 20. axb3 Ra8 21. Ra3 Nb7
22. Rda1 a5 23. Qe2 Nc5 24. f3 Rcb8 25. b4 axb4 26. cxb4 Rxa3 27. Rxa3 Ncd7 28.
Ra5 Qb6 29. Bd3 Qd4 30. Bxb5 Bd8 31. Ra2 Nf8 32. Kh2 Nh5 33. Nc2 Qb6 34. Bc6
Bh4 35. Be3 Bg3+ 36. Kg1 Nf4 37. Bxb6 Nxe2+ 38. Kf1 Nd4 39. Ba7 Nxc6 40. dxc6
Rc8 41. b5 Ne6 42. b6 Nc5 43. b7 Nxb7 44. cxb7 Rd8 45. Bb6 Rf8 46. Ra8 1-0

[Event "NAYCC U18"]
[Site "Kingston CAN"]
[Date "2019.08.16"]
[Round "1.192"]
[White "Samadashvili, Martha"]
[Black "Wang, Jake"]
[Result "1-0"]
[WhiteElo "2086"]
[BlackElo "2116"]
[PlyCount "99"]
[EventDate "2019.08.16"]
[EventType "swiss"]
[EventRounds "9"]
[EventCountry "CAN"]

1. e4 c5 2. Nf3 e6 3. g3 Nc6 4. Bg2 Nf6 5. Qe2 e5 6. O-O d6 7. d3 Be7 8. c3 O-O
9. Na3 Re8 10. Nc4 Bf8 11. Ne3 Rb8 12. Rd1 Qc7 13. Qc2 b5 14. Bd2 Qb6 15. Be1
h6 16. a4 Be6 17. Nd2 a6 18. axb5 axb5 19. f4 Ng4 20. Nxg4 Bxg4 21. Bf3 Bxf3
22. Nxf3 Ra8 23. f5 Ra7 24. Bf2 Rea8 25. Rxa7 Qxa7 26. d4 Qa4 27. Qxa4 Rxa4 28.
dxc5 dxc5 29. Rd5 b4 30. Nxe5 Nxe5 31. Rxe5 bxc3 32. bxc3 Rc4 33. Be1 f6 34.
Re6 Kf7 35. Kf1 Ra4 36. Ke2 Ra2+ 37. Bd2 Be7 38. Rc6 h5 39. Kd3 Ke8 40. c4 Kd7
41. Rb6 Bd6 42. Rb7+ Kc6 43. Rxg7 Ra3+ 44. Kc2 Ra2+ 45. Kd3 Ra3+ 46. Kc2 Ra2+
47. Kd1 Ra4 48. Rg6 Be5 49. Bf4 Kd6 50. Rxf6+ 1-0

[Event "NAYCC U18"]
[Site "Kingston CAN"]
[Date "2019.08.16"]
[Round "1.202"]
[White "Shen, Christopher"]
[Black "Li, Max"]
[Result "1/2-1/2"]
[WhiteElo "2325"]
[BlackElo "2113"]
[PlyCount "68"]
[EventDate "2019.08.16"]
[EventType "swiss"]
[EventRounds "9"]
[EventCountry "CAN"]

1. Nf3 d5 2. c4 c6 3. d4 Nf6 4. Nbd2 Bf5 5. Nh4 Bg6 6. Qb3 Qb6 7. Qh3 Na6 8.
Nxg6 fxg6 9. c5 Qa5 10. Qc3 Qxc3 11. bxc3 b6 12. e4 Nc7 13. cxb6 axb6 14. exd5
Ncxd5 15. Bb2 e6 16. a3 Bd6 17. g3 O-O 18. c4 Ne7 19. Bh3 Nf5 20. Bg2 Rac8 21.
O-O c5 22. d5 e5 23. Rfe1 Nd4 24. Bxd4 cxd4 25. Rab1 Rb8 26. Rb3 Bc5 27. Bf3
Rbe8 28. Kg2 Re7 29. h3 Rfe8 30. Be4 Ra7 31. Ra1 Rea8 32. Bd3 Rxa3 33. Raxa3
Rxa3 34. Rxa3 Bxa3 1/2-1/2

[Event "NAYCC U18"]
[Site "Kingston CAN"]
[Date "2019.08.16"]
[Round "2.178"]
[White "Zhang, Yuanchen"]
[Black "Ravuri, Vinesh"]
[Result "1/2-1/2"]
[WhiteElo "2305"]
[BlackElo "2192"]
[PlyCount "75"]
[EventDate "2019.08.16"]
[EventType "swiss"]
[EventRounds "9"]
[EventCountry "CAN"]

1. d4 Nf6 2. c4 e6 3. Nc3 Bb4 4. e3 O-O 5. Bd3 d5 6. Nf3 c5 7. O-O cxd4 8. exd4
dxc4 9. Bxc4 b6 10. Bg5 Bb7 11. Qe2 Nbd7 12. Rac1 Qb8 13. Bd3 Rc8 14. Ne5 Qd6
15. Nxd7 Qxd7 16. Bxf6 gxf6 17. Be4 Bxc3 18. Bxb7 Qxb7 19. bxc3 Qd5 20. Rfd1 b5
21. Rd3 Kh8 22. Rg3 a6 23. Rd1 Rg8 24. a4 Rxg3 25. hxg3 Rc8 26. axb5 axb5 27.
Rd3 Ra8 28. g4 Ra2 29. Qe3 Qg5 30. Qxg5 fxg5 31. d5 Kg7 32. dxe6 fxe6 33. Rd7+
Kg6 34. Rb7 Rc2 35. Rxb5 Rxc3 36. Rb6 Kf6 37. Rb7 h6 38. Rh7 1/2-1/2

[Event "NAYCC U18"]
[Site "Kingston CAN"]
[Date "2019.08.16"]
[Round "2.179"]
[White "Wu, Rochelle"]
[Black "Hua, Eugene"]
[Result "1-0"]
[WhiteElo "2161"]
[BlackElo "2301"]
[PlyCount "79"]
[EventDate "2019.08.16"]
[EventType "swiss"]
[EventRounds "9"]
[EventCountry "CAN"]

1. d4 Nf6 2. c4 e6 3. Nc3 Bb4 4. Qc2 b6 5. a3 Bxc3+ 6. Qxc3 Bb7 7. Bg5 d6 8. e3
Nbd7 9. Ne2 h6 10. Bh4 g5 11. Bg3 Ne4 12. Qc2 Qe7 13. Nc3 Nxg3 14. hxg3 O-O-O
15. d5 Nf6 16. O-O-O Kb8 17. Be2 c6 18. e4 cxd5 19. exd5 exd5 20. cxd5 Rc8 21.
Bf3 Qc7 22. Kb1 Rce8 23. Rd4 Re5 24. g4 Qe7 25. Qd2 Bc8 26. a4 Bb7 27. a5 Qc7
28. Rc1 Rc8 29. Na2 Qd7 30. Rxc8+ Qxc8 31. Nb4 Qc5 32. a6 Ba8 33. b3 Qb5 34.
Kb2 Nd7 35. Qc2 Nc5 36. Qh7 Nxa6 37. Qg8+ Kb7 38. Qxf7+ Kb8 39. Nxa6+ Qxa6 40.
Rc4 1-0

[Event "NAYCC U18"]
[Site "Kingston CAN"]
[Date "2019.08.16"]
[Round "2.180"]
[White "Yip, Carissa"]
[Black "Chasin, Nico"]
[Result "1-0"]
[WhiteElo "2300"]
[BlackElo "2178"]
[PlyCount "93"]
[EventDate "2019.08.16"]
[EventType "swiss"]
[EventRounds "9"]
[EventCountry "CAN"]

1. e4 c5 2. Nf3 e6 3. b3 Nc6 4. Bb2 Nf6 5. e5 Nd5 6. g3 Nde7 7. Bg2 Nf5 8. O-O
d5 9. exd6 Bxd6 10. Na3 O-O 11. Nc4 f6 12. Ne3 Nxe3 13. dxe3 Qc7 14. Qe2 Bd7
15. Rad1 Be8 16. Nd2 Bf7 17. a4 Be7 18. Nc4 Rad8 19. f4 Nb4 20. Be4 Bg6 21.
Bxg6 hxg6 22. Qg4 Kf7 23. Qe2 b6 24. Rfe1 a6 25. e4 b5 26. axb5 axb5 27. Na3 c4
28. Kh1 Qc6 29. bxc4 bxc4 30. Nxc4 Rxd1 31. Rxd1 Rc8 32. Rd4 Bc5 33. Rd2 Be7
34. Na3 Na6 35. Rd4 Rb8 36. Nc4 Nc7 37. Kg2 Kg8 38. Na5 Qb6 39. Nb3 Nb5 40. Rd1
Kf8 41. Qc4 Ke8 42. Rd2 Kf7 43. Rd7 Nd6 44. Qc7 Qxc7 45. Rxc7 Nxe4 46. Ba3 Re8
47. Nd4 1-0

[Event "NAYCC U18"]
[Site "Kingston CAN"]
[Date "2019.08.16"]
[Round "2.181"]
[White "Chen, Richard"]
[Black "Eidelman, Gabriel"]
[Result "1-0"]
[WhiteElo "2291"]
[BlackElo "2133"]
[PlyCount "57"]
[EventDate "2019.08.16"]
[EventType "swiss"]
[EventRounds "9"]
[EventCountry "CAN"]

1. e4 c5 2. Nf3 d6 3. Bb5+ Nd7 4. O-O a6 5. Bd3 g6 6. c3 Bg7 7. Bc2 Ngf6 8. d4
Qc7 9. Re1 e5 10. a4 b6 11. dxe5 dxe5 12. c4 O-O 13. Nc3 Bb7 14. Bd2 Rfd8 15.
a5 Bc6 16. axb6 Nxb6 17. Nd5 Nfxd5 18. exd5 Bd7 19. Ba5 Qd6 20. Nd2 f5 21. b4
Rdb8 22. Rb1 e4 23. bxc5 Qxc5 24. Bb4 Qc7 25. Bb3 a5 26. c5 Qd8 27. Ba3 Nc8 28.
c6 Be8 29. c7 1-0

[Event "NAYCC U18"]
[Site "Kingston CAN"]
[Date "2019.08.16"]
[Round "2.182"]
[White "Huang, Andy"]
[Black "Samadashvili, Martha"]
[Result "1-0"]
[WhiteElo "2263"]
[BlackElo "2086"]
[PlyCount "97"]
[EventDate "2019.08.16"]
[EventType "swiss"]
[EventRounds "9"]
[EventCountry "CAN"]

1. e4 c5 2. Nf3 e6 3. d4 cxd4 4. Nxd4 Nc6 5. Nc3 Qc7 6. f4 a6 7. Be3 b5 8. Bd3
Nf6 9. Qf3 Bb7 10. O-O-O Bc5 11. Nxc6 Bxe3+ 12. Qxe3 Bxc6 13. Kb1 O-O 14. e5
Nd5 15. Nxd5 Bxd5 16. Be4 Rac8 17. Rd2 Bxe4 18. Qxe4 f6 19. Rhd1 Rcd8 20. exf6
Rxf6 21. Rd6 Rf7 22. g3 a5 23. Qd3 Rc8 24. Rd2 a4 25. Rxd7 Rxd7 26. Qxd7 Qc4
27. Qd3 Qc5 28. a3 Qg1+ 29. Ka2 Qc5 30. Qe4 Rc6 31. c3 Qc4+ 32. Qxc4 Rxc4 33.
Re2 Rc6 34. Re5 Rb6 35. Kb1 Kf7 36. Kc2 g6 37. b3 Ke7 38. bxa4 bxa4 39. Ra5 Kd6
40. Rxa4 e5 41. Rb4 Ra6 42. a4 exf4 43. Rxf4 Kc5 44. Rb4 Rf6 45. a5 h5 46. Kb3
Re6 47. Rb6 Re2 48. h4 g5 49. Rh6 1-0

[Event "NAYCC U18"]
[Site "Kingston CAN"]
[Date "2019.08.16"]
[Round "2.183"]
[White "Li, William"]
[Black "Costello, Alexander"]
[Result "0-1"]
[WhiteElo "2135"]
[BlackElo "2256"]
[PlyCount "72"]
[EventDate "2019.08.16"]
[EventType "swiss"]
[EventRounds "9"]
[EventCountry "CAN"]

1. d4 Nf6 2. c4 g6 3. Nc3 d5 4. cxd5 Nxd5 5. e4 Nxc3 6. bxc3 Bg7 7. Nf3 c5 8.
Be3 O-O 9. Qd2 Nd7 10. Bd3 b6 11. O-O e5 12. d5 Nf6 13. Nxe5 Nxe4 14. Bxe4 Bxe5
15. Bg5 Qd6 16. f4 Bg7 17. f5 Be5 18. fxg6 hxg6 19. Qe1 Bxh2+ 20. Kh1 f5 21.
Bf3 Be5 22. g4 Rf7 23. Kg2 fxg4 24. Be4 Bf5 25. Rd1 Bg3 26. Qe3 Re8 27. Bf4
Bxf4 28. Rxf4 Qxf4 29. Qxf4 Bxe4+ 30. Kg3 Rxf4 31. Kxf4 Bf5 32. d6 Kf7 33. Rh1
Ke6 34. Rh7 Kxd6 35. Rxa7 Re4+ 36. Kg3 Re3+ 0-1

[Event "NAYCC U18"]
[Site "Kingston CAN"]
[Date "2019.08.16"]
[Round "2.185"]
[White "Rama, Vikas"]
[Black "Ouellet, Maili-Jade"]
[Result "0-1"]
[WhiteElo "1534"]
[BlackElo "2211"]
[PlyCount "88"]
[EventDate "2019.08.16"]
[EventType "swiss"]
[EventRounds "9"]
[EventCountry "CAN"]

1. Nf3 d5 2. c4 e6 3. g3 Nf6 4. Bg2 Be7 5. O-O O-O 6. Qc2 c5 7. d4 cxd4 8. Nxd4
Nc6 9. Nxc6 bxc6 10. b3 a5 11. Bb2 Ba6 12. Rd1 Qb6 13. Nd2 Rab8 14. e3 Rfd8 15.
Be5 Rbc8 16. Rab1 Nd7 17. Ba1 Nc5 18. Bf3 Qc7 19. a3 Nd7 20. Bb2 Ne5 21. Be2
Bf6 22. Rdc1 c5 23. Nf3 d4 24. Nxe5 Bxe5 25. e4 g6 26. Bd3 Bb7 27. Qd2 Bg7 28.
b4 axb4 29. axb4 f5 30. f3 cxb4 31. Qxb4 Rb8 32. Qd2 fxe4 33. fxe4 Rf8 34. Ba3
Rf3 35. Rf1 Bxe4 36. Rxb8+ Qxb8 37. Bxe4 Rxa3 38. Qf2 Ra7 39. c5 Qe5 40. Rb1
Qxc5 41. Rb8+ Bf8 42. Qf6 Rf7 43. Qxe6 Qc1+ 44. Kg2 Qf1# 0-1